All Chris Brown Songs - Statistics

General Stats
  • This quiz has been taken 1,414 times
    574 since last reset
  • The average score is 75 of 489
Answer Stats
Album Song % Correct
Chris Brown Yo (Excuse Me Miss)
70%
In My Zone 2 F**k Um All
68%
X Loyal
67%
Fan of a Fan: The Album Ayo
63%
Before the Party Go
63%
Chris Brown Run It!
63%
Chris Brown Run It! (Remix)
63%
Breezy WE (Warm Embrace)
63%
Jordin Sparks No Air
57%
Royalty Back to Sleep
56%
Exclusive Forever
56%
Exclusive Kiss Kiss
56%
Exclusive With You
56%
F.A.M.E. | Fan of a Fan Deuces
55%
Indigo No Guidance
55%
Heartbreak on a Full Moon Party
55%
Indigo Under the Influence
55%
Indigo Indigo
53%
X New Flame
52%
Royalty Liquor
51%
Royalty Little More (Royalty)
51%
F.A.M.E. Look at Me Now
51%
X Fine China
49%
F.A.M.E. Yeah 3x
49%
Chris Brown Gimme That
48%
Chris Brown Gimme That (Remix)
48%
X X
48%
F.A.M.E. Wet the Bed
45%
Chris Brown Say Goodbye
44%
Exclusive Wall to Wall
44%
Fortune Don't Judge Me
43%
Slime & B Go Crazy
43%
Exclusive Take You Down
43%
Heartbreak on a Full Moon Grass Ain't Greener
42%
Fortune Turn Up the Music
42%
Heartbreak on a Full Moon Privacy
41%
Royalty Zero
41%
F.A.M.E. Next to You
39%
F.A.M.E. She Ain't You
38%
Indigo Heat
37%
Exclusive You
37%
Heartbreak on a Full Moon Tempo
36%
Cuffing Season: 12 Days of Christmas This X-Mas
36%
Indigo Undecided
36%
Fortune Don't Wake Me Up
35%
Chris Brown Poppin'
35%
Heartbreak on a Full Moon Questions
35%
This Christmas (OST) This Christmas
35%
Heartbreak on a Full Moon Pills & Automobiles
34%
F.A.M.E. Beautiful People
33%
Before the Party | In My Zone (Rhythm & Streets) Sex
33%
X Drunk Texting
32%
X Love More
32%
Indigo Red
31%
Boy in Detention | Fortune Strip
31%
Royalty Wrist
31%
Before da Trap: Nights in Tarzana Wrist (Remix)
31%
Boy in Detention Crazy
30%
X Don't Think They Know
30%
Slime & B City Girls
29%
Heartbreak on a Full Moon Heartbreak on a Full Moon
29%
Graffiti I Can Transform Ya
29%
Breezy C.A.B. (Catch a Body)
28%
Royalty Who's Gonna (Nobody)
28%
Chris Brown Ya Man Ain't Me
28%
Chris Brown Ain't No Way (You Won't Love Me)
27%
Fan of a Fan: The Album B****es N Marijuana
27%
Breezy Iffy
27%
Breezy Psychic
27%
Heartbreak on a Full Moon Hope You Do
26%
Royalty Picture Me Rollin'
26%
Royalty Anyway
25%
Graffiti Crawl
25%
Indigo Wobble Up
25%
X Autumn Leaves
24%
Indigo Come Together
24%
Breezy Dream
24%
Royalty Fine by Me
24%
Chris Brown | Fan of a Fan Intro
24%
F.A.M.E. | Fan of a Fan | In My Zone (Rhythm & Streets) No Bullsh*t
24%
Fortune 2012
23%
Indigo Back to Love
23%
Breezy Call Me Every Day
23%
F.A.M.E. Beg for It
22%
Graffiti Graffiti
22%
Royalty Little Bit
22%
Fan of a Fan | Royalty Make Love
22%
Fortune Sweet Love
22%
Heartbreak on a Full Moon To My Bed
22%
In My Zone (Rhythm & Streets) Bad
21%
Good Evening Five More Hours
21%
Indigo Overtime
21%
F.A.M.E. Should've Kissed You
21%
Chris Brown Young Love
21%
Breezy Addicted
20%
F.A.M.E. All Back
20%
X Came to Do
20%
Breezy Closure
20%
Heartbreak on a Full Moon Juicy Booty
20%
Royalty KAE
20%
Breezy Possessive
20%
Breezy Sleep At Night
20%
Single #6 Summer Too Hot
20%
F.A.M.E. Champion
19%
Fan of a Fan: The Album Girl You Loud
19%
Breezy Harder
19%
Breezy Sex Memories
19%
Breezy Till the Wheels Fall Off
19%
F.A.M.E. Up to You
19%
Heartbreak on a Full Moon Yellow Tape
19%
Royalty Blow It in the Wind
18%
Cuffing Season: 12 Days of Christmas I Wanna
18%
Breezy Pitch Black
18%
Heartbreak on a Full Moon Roses
18%
Chris Brown Winner
18%
Heartbreak on a Full Moon Confidence
17%
Royalty Discover
17%
Indigo Emerald / Burgundy
17%
Fan of a Fan: The Album Lights Out
17%
Breezy Need You Right Here
17%
F.A.M.E. Paper, Scissors, Rock
17%
Breezy Passing Time
17%
Breezy Show It
17%
Heartbreak on a Full Moon Sip
17%
Breezy Slide
17%
X Songs on 12 Play
17%
Royalty U Did It
17%
Chris Brown What's My Name?
17%
Heartbreak on a Full Moon You Like
17%
Breezy Forbidden
16%
Indigo Girl of My Dreams
16%
Graffiti I Love U
16%
Indigo Juice
16%
Chris Brown Just Fine
16%
X Lady in a Glass Dress (Interlude)
16%
Heartbreak on a Full Moon On Me
16%
Royalty Proof
16%
Slime & B Say You Love Me
16%
In My Zone 2 Sh*t God D**n
16%
X Stereotype
16%
Exclusive Superhuman
16%
Breezy Survive the Night
16%
Chris Brown Thank You
16%
Fortune 4 Years Old
15%
Slime & B Animal
15%
Breezy Bad Then a Beach
15%
F.A.M.E. Bomb
15%
Exclusive Damage
15%
Indigo Don't Check on Me
15%
Exclusive Down
15%
Indigo Early 2K
15%
Breezy Hit My Line
15%
Breezy In the City
15%
Chris Brown Is This Love?
15%
Exclusive I Wanna Be
15%
Breezy Luckiest Man
15%
Indigo Lurkin
15%
Indigo Natural Disaster / Aura
15%
Fan of a Fan: The Album Remember Me
15%
Indigo Sexy
15%
Indigo Sorry Enough
15%
Indigo You Like That
15%
X Add Me In
14%
Indigo All I Want
14%
Indigo All on Me
14%
Fortune Bassline
14%
Fan of a Fan: The Album Better
14%
Indigo Cheetah
14%
X Do Better
14%
X Don't Be Gone Too Long
14%
Heartbreak on a Full Moon Even
14%
Attack The Block Everybody
14%
Before the Party FAN [Freak At Night]
14%
Heartbreak on a Full Moon Handle It
14%
Breezy Hate Me Tomorrow
14%
Exclusive Help Me
14%
Heartbreak on a Full Moon I Love Her
14%
Heartbreak on a Full Moon Lost & Found
14%
Exclusive Lottery
14%
Royalty No Filter
14%
Fan of a Fan: The Album Nothin' Like Me
14%
F.A.M.E. Oh My Love
14%
Heartbreak on a Full Moon Only 4 Me
14%
Heartbreak on a Full Moon Paradise
14%
Indigo Part of the Plan
14%
Breezy Petty
14%
Exclusive Picture Perfect
14%
Exclusive Picture Perfect (Remix)
14%
Heartbreak on a Full Moon Reddi Wip
14%
Heartbreak on a Full Moon Rock Your Body
14%
F.A.M.E. Say It With Me
14%
Graffiti So Cold
14%
Breezy Talm 'Bout
14%
Fortune Till I Die
14%
X Time for Love
14%
Indigo Trust Issues / All In
14%
Graffiti Wait
14%
Fan of a Fan: The Album Westside
14%
X 101 (Interlude)
13%
Indigo BP / No Judgement
13%
Royalty Day One
13%
Indigo Dear God
13%
X Drown in It
13%
Heartbreak on a Full Moon High End
13%
Breezy Hmhmm
13%
Fan of a Fan: The Album I Bet
13%
X Lost in Ya Love
13%
Exclusive Mama
13%
Heartbreak on a Full Moon No Exit
13%
Indigo Play Catch Up
13%
Heartbreak on a Full Moon Pull Up
13%
Indigo Side N***a
13%
Graffiti Sing Like Me
13%
Slime & B Stolen
13%
Heartbreak on a Full Moon Summer Breeze
13%
Indigo Take a Risk
13%
Indigo Throw It Back
13%
Cuffing Season: 12 Days of Christmas Water
13%
Fan of a Fan: The Album Banjo
12%
Fortune Biggest Fan
12%
X Body Shots
12%
Graffiti Brown Skin Girl
12%
Graffiti Famous Girl
12%
Breezy Hate Being Human
12%
Slime & B I Got Time
12%
Indigo Lower Body
12%
Boy in Detention Main Chick
12%
Fortune Mirage
12%
Indigo Need a Stack
12%
Breezy Nobody Has to Know
12%
X No Lights
12%
Indigo Nose Dive
12%
Breezy On Some New Sh*t
12%
Heartbreak on a Full Moon Otha N****s
12%
Fortune Party Hard / Cadillac (Interlude)
12%
Indigo Problem with You
12%
X See You Around
12%
Heartbreak on a Full Moon Sensei
12%
Fortune Stuck on Stupid
12%
Indigo Technology
12%
Indigo Temporary Lover
12%
Heartbreak on a Full Moon This Ain't
12%
Exclusive Throwed
12%
Heartbreak on a Full Moon Enemy
11%
Heartbreak on a Full Moon Everybody Knows
11%
Indigo Flashbacks
11%
Exclusive Gimme Whatcha Got
11%
Exclusive Hold Up
11%
Heartbreak on a Full Moon Hurt the Same
11%
Exclusive I'll Call Ya
11%
Breezy Inner Peace
11%
F.A.M.E. Love the Girls
11%
Graffiti Lucky Me
11%
Exclusive Nice
11%
Heartbreak on a Full Moon Nowhere
11%
Indigo Outy When I Drive / Blamed
11%
Heartbreak on a Full Moon Run Away
11%
Breezy Special Delivery
11%
Graffiti Take My Time
11%
Indigo Tell Me How You Feel
11%
Heartbreak on a Full Moon This Way
11%
Slime & B Trap Back
11%
Indigo Troubled Waters
11%
Before the Party | Cuffing Season: 12 Days of Christmas Trust Me
11%
Fan of a Fan: The Album Bunkin'
10%
Heartbreak on a Full Moon Covered In You
10%
Heartbreak on a Full Moon Emotions
10%
Heartbreak on a Full Moon Frustrated
10%
Exclusive Get at Ya
10%
Indigo Going at It
10%
Graffiti Gotta Be Ur Man
10%
Fan of a Fan: The Album It's Yo Sh*t
10%
Graffiti I.Y.A
10%
Fan of a Fan: The Album Real One
10%
Slime & B She Bumped Her Head
10%
Fan of a Fan: The Album She Goin' Up
10%
Heartbreak on a Full Moon Tell Me What to Do
10%
Heartbreak on a Full Moon Tough Love
10%
Slime & B Undrunk
10%
Fan of a Fan: The Album Wrong In the Right Way
10%
Before the Party Beat It Up
9%
Heartbreak on a Full Moon Bite My Tongue
9%
Fan of a Fan: The Album D.G.I.F.U.
9%
Graffiti Fallin Down
9%
Graffiti Girlfriend
9%
Heartbreak on a Full Moon Hangover
9%
Slime & B I Ain't Tryin'
9%
Heartbreak on a Full Moon If You're Down
9%
Graffiti I'll Go
9%
Graffiti I Need This
9%
Slime & B No Such Thing
9%
Fortune Remember My Name
9%
Fortune Tell Somebody
9%
Fortune Trumpet Lights
9%
Graffiti What I Do
9%
Slime & B Big Slimes
8%
Graffiti Chase Our Love
8%
Fortune Do It Again
8%
AT&T Team USA Soundtrack Dreamer
8%
Graffiti For Ur Love
8%
Cuffing Season: 12 Days of Christmas Hands Up
8%
Attack The Block Kriss Kross
8%
Boy in Detention Last
8%
Cuffing Season: 12 Days of Christmas On Purpose
8%
Graffiti Pass Out
8%
Cuffing Season: 12 Days of Christmas Same Sh*t
8%
Single Stranger Things
8%
Fortune Touch Me
8%
Fortune Wait for You
8%
Cuffing Season: 12 Days of Christmas Yoppa
8%
Boy in Detention 100
7%
Royalty International - EP Blue Jeans
7%
Before the Party Counterfeit
7%
Cuffing Season: 12 Days of Christmas Don't Slow Me Down
7%
Boy in Detention Fantasy
7%
Fortune Free Run
7%
Cuffing Season: 12 Days of Christmas Get Off
7%
Boy in Detention Ladies Love Me
7%
Cuffing Season: 12 Days of Christmas Let Sh*t Go
7%
Fan of a Fan Like A Virgin Again
7%
In My Zone (Rhythm & Streets) Madusa
7%
Graffiti Movie
7%
Single #5 Nasty
7%
Before the Party Play Me
7%
Before the Party Pussy
7%
Cuffing Season: 12 Days of Christmas Secret
7%
F.A.M.E. All About You
6%
Before the Party All I Need
6%
Boy in Detention Body on Mine
6%
In My Zone (Rhythm & Streets) Convertible
6%
Boy in Detention Freaky I'm Iz
6%
Before the Party Ghetto Tales
6%
Exclusive Heart Ain't a Brain
6%
Boy in Detention Leave the Club
6%
In My Zone 2 Life Itself
6%
Boy in Detention Marvins Room (Remix)
6%
Fan of a Fan Outro
6%
In My Zone (Rhythm & Streets) Perfume
6%
Boy in Detention Private Dancer
6%
Before the Party Red Lights
6%
Before the Party Right Now
6%
Before the Party Roses Turn Blue
6%
Before the Party Seasons Change
6%
Boy in Detention Spend It All
6%
Boy in Detention Sweetheart
6%
Before the Party Text Message
6%
Royalty International - EP The 80's
6%
Before the Party Till the Morning
6%
In My Zone (Rhythm & Streets) Too Freaky
6%
In My Zone (Rhythm & Streets) Turnt Up
6%
In My Zone (Rhythm & Streets) T.Y.A.
6%
Before da Trap: Nights in Tarzana Whippin'
6%
Boy in Detention Yoko
6%
Boy in Detention 100 Bottles
5%
Before the Party 4 Seconds
5%
Fan of a Fan Ain't Thinkin' 'Bout You
5%
In My Zone 2 All Off
5%
In My Zone 2 Another You
5%
In My Zone (Rhythm & Streets) Back Out
5%
In My Zone (Rhythm & Streets) Big Booty Judy
5%
Royalty International - EP Blood On My Hands
5%
In My Zone 2 Boing
5%
In My Zone 2 Christmas Came Today
5%
Before the Party Come Home Tonight
5%
Before the Party Desperado
5%
Attack The Block Don't F**k With Us
5%
In My Zone (Rhythm & Streets) Don't Lie
5%
In My Zone 2 Drop Rap
5%
Fan of a Fan Drop Top Girl
5%
Before da Trap: Nights in Tarzana Faded to Sade (Remix)
5%
Exclusive Fallen Angel
5%
X Files Fantasy 2
5%
Boy in Detention First 48
5%
In My Zone 2 Glitter
5%
In My Zone (Rhythm & Streets) Glow in the Dark
5%
Before the Party Gotta Get Up
5%
Before the Party Hell of a Night
5%
Before the Party Here We Go Again
5%
Fan of a Fan Holla at Me
5%
Before the Party Holy Angel
5%
Before the Party I Can't Win
5%
Single #2 I Don't Die
5%
Before da Trap: Nights in Tarzana I Need Love
5%
In My Zone (Rhythm & Streets) Invented Head
5%
In My Zone (Rhythm & Streets) I Wanna Rock
5%
Before the Party Just So You Know
5%
In My Zone 2 Last Time Together
5%
Single #3 Light It Up
5%
Before the Party Lipstick on the Glass
5%
Royalty International - EP Lonely Dancer
5%
Boy in Detention | X Files Love 2 Remember
5%
Before da Trap: Nights in Tarzana Love Gon' Go
5%
Before the Party Matter
5%
In My Zone 2 Ms Breezy
5%
Fan of a Fan Number One
5%
In My Zone 2 Quits
5%
Boy in Detention Real Hip Hop
5%
In My Zone (Rhythm & Streets) Say Ahh
5%
In My Zone 2 Seen Her Naked
5%
Royalty International - EP Shattered
5%
In My Zone (Rhythm & Streets) Shoes
5%
Before the Party Show Off
5%
Before da Trap: Nights in Tarzana Side Piece
5%
Boy in Detention Snapbacks Back (Remix)
5%
Before da Trap: Nights in Tarzana Socialize
5%
Before the Party Start It Slow
5%
Before da Trap: Nights in Tarzana Substance
5%
Before the Party Swallow Me Down
5%
Boy in Detention | X Files Sweet Caroline
5%
Boy in Detention The Best Yo
5%
Before the Party The Breakup
5%
In My Zone (Rhythm & Streets) Twitter
5%
Boy in Detention | X Files Waiting
5%
Boy in Detention | X Files War for You
5%
Before the Party Won't Change
5%
In My Zone (Rhythm & Streets) Work Wit It
5%
Boy in Detention Your Body
5%
Fan of a Fan 48 Bar Rap
4%
Before da Trap: Nights in Tarzana Actin' Like This
4%
In My Zone 2 Awol
4%
Fan of a Fan Ballin'
4%
Attack The Block Cherry Red
4%
Attack The Block Dolce
4%
Attack The Block Erday
4%
Before the Party Freaky Sh*t
4%
Before da Trap: Nights in Tarzana Freed Up
4%
Fan of a Fan G-Sh*t
4%
Fan of a Fan Have It
4%
Attack The Block I Can Tell
4%
In My Zone (Rhythm & Streets) I Get Around
4%
Before da Trap: Nights in Tarzana I Lean
4%
Fan of a Fan I'm On it
4%
Fan of a Fan I'm So Raw
4%
Attack The Block In Love With the B****es
4%
Fortune Key 2 Your Heart
4%
Indigo Let's Smoke
4%
Before da Trap: Nights in Tarzana Like I Done It Before
4%
Attack The Block Marathon Man
4%
Fan of a Fan Movin 2 Fast
4%
In My Zone 2 My Girl Like Them Girls
4%
Attack The Block New Gang
4%
Attack The Block Other Side
4%
In My Zone 2 Put Your Hands In the Air
4%
Boy in Detention Real Hip Hop 3
4%
Boy in Detention Real Hip Hop 4
4%
Fan of a Fan Regular Girl
4%
Before da Trap: Nights in Tarzana Roller Coaster
4%
Before da Trap: Nights in Tarzana Save the Drama
4%
Attack The Block Scared
4%
Before the Party Scared To Love You
4%
Before the Party Second Hand Love
4%
In My Zone 2 Sex Love
4%
In My Zone 2 Talk That Sh*t
4%
F.A.M.E. Talk Ya Ear Off
4%
Fan of a Fan What They Want
4%
In My Zone 2 What U Doin
4%
In My Zone 2 You Want Me
4%
Before da Trap: Nights in Tarzana Big Dreams
3%
Charted Single Changed Man
3%
Attack The Block Dash
3%
In My Zone (Rhythm & Streets) How Long Can You Go
3%
Attack The Block I Already Love Her
3%
Promo Single I May Never Find
3%
Promo Single #2 Just Let Go
3%
X Files Man Chick
3%
Fan of a Fan Middle
3%
Before da Trap: Nights in Tarzana Party Next Door
3%
Before da Trap: Nights in Tarzana Rumors
3%
Attack The Block Section One Hundred Billion
3%
Before da Trap: Nights in Tarzana Shut Down
3%
Graffiti They Say
3%
Before da Trap: Nights in Tarzana TrapHouse Blues
3%
Attack The Block Trappin'
3%
Fortune Your World
3%
Single #4 Famous Friends
2%
No matching quizzes found
Score Distribution
Percent of People with Each Score
Percentile by Number Answered
Your Score History
You have not taken this quiz since the last reset